Szczegóły MARC21

Indonezja /

003 -Nazwa inst., której nr kontr. jest w polu 001 [,]
    • @
    • Nazwa instytucji, której n kontrolny jest w polu 001
    • NUKAT
005 -DATA I CZAS OSTATNIEJ MODYFIKACJI [,]
    • @
    • pole kontrolne
    • 20241231092627.0
020 -Międzynarod. znormalizowany nr książki - ISBN [ , ]
    • a
    • Numer ISBN
    • 9788360174661 Find
040 -Instytucja sporządzająca opis [ , ]
    • a
    • Instytucja, która sporządziła opis (NP)
    • WA U/96ak
    • c
    • Instytucja, która sporządziła rekord (NP)
    • WA U/ak
    • d
    • Instytucja, która zmodyfikowała rekord (P)
    • WA U/ak
    • d
    • Instytucja, która zmodyfikowała rekord (P)
    • WA U/96hjcs
041 -Język dokumentu [1, ]
    • a
    • Język tekstu (P)
    • polski
    • h
    • Język tekstu oryginalnego i/lub pośredniego (P)
    • angielski
942 -Rodzaj dokumentu [ , ]
    • c
    • Rodzaj dokumentu
    • Książka
245 -Strefa tytułu i oznaczenia odpowiedzialności [0,0]
    • a
    • Tytuł
    • Indonezja / Find
    • c
    • Pozostałe elementy strefy tytułu i oznaczenia odpowiedzialności (NP)
    • [przygot. ed. pol. Bogdan Rudnicki ; red. prowadzący Joanna Zaborowska ; tł. Arkadiusz Belczyk ss. 15-107, 199-273, Patrycja Zarawska ss. 114-195, 277-343, Alina Szczęch, Beata Śmietana Rady dla podróżnych].
246 -Wariant tytułu [1, ]
    • i
    • Tekst wyświetlany na ekranie monitora (NP)
    • Tyt. oryg.:
    • a
    • Tytuł (NP)
    • Indonesia
260 -Strefa adresu wydawniczego [ , ]
    • a
    • Miejsce wydania (P)
    • Warszawa :
    • b
    • Nazwa wydawcy (P)
    • Mediaprofit,
    • c
    • Data wydania (P)
    • 2007.
300 -Strefa opisu fizycznego [ , ]
    • a
    • Określenie formy książki i/lub objętość (NP)
    • 423, [1] s. :
    • b
    • Oznaczenie ilustracji (NP)
    • il. kolor. ;
    • c
    • Format (NP)
    • 23 cm.
336 -Typ zawartości [ , ]
    • a
    • Termin opisujący typ zawartości
    • Tekst
    • b
    • Kod określający zawartość
    • txt
    • 2
    • Źródło (terminu i kodu)
    • rdacontent
337 -Typ mediów [ , ]
    • a
    • Tryb odtwarzania
    • Bez urządzenia pośredniczącego
    • b
    • Kod typu mediów
    • n
    • 2
    • Źródło (terminu i kodu)
    • rdamedia
338 -Typ/rodzaj nośnika [ , ]
    • a
    • Hasło opisujące typ nośnika
    • Wolumin
    • b
    • Kod typu nośnika
    • nc
    • 2
    • Źródło (terminu i kodu)
    • rdacarrier
490 -Strefa serii i książki wielotomowej - forma nie do wyszukiwania [1, ]
    • a
    • Tytuł (P)
    • Biblioteka Gazety Wyborczej. Podróże Marzeń ; Find
    • v
    • Numeracja (P)
    • 6
830 -Hasło dodatkowe serii i opisu książki wielotomowej - tytuł ujednolicony/tytuł [ ,0]
    • a
    • Tytuł ujednolicony/tytuł (NP)
    • Biblioteka Gazety Wyborczej.
    • p
    • Nazwa części/podserii/sekcji (P)
    • Podróże Marzeń II
    • v
    • Oznaczenie tomu (NP)
    • 6
    • 9
    • KHW
    • 513740
500 -Uwaga ogólna [ , ]
    • a
    • Uwaga ogólna (NP)
    • Mapa i plan na wyklejkach.
504 -Uwaga dot. bibliogr. załącznikowej [ , ]
    • a
    • Uwaga dot. bibliografii załącznikowej
    • Indeks.
080 -Uniwersalna Klasyfikacja Dziesiętna [ , ]
    • 2
    • Identyfikator wydania tablic
    • UDC-PO58
    • a
    • Symbol klasyfikacji
    • 913(594)
    • b
    • Dopowiedzenie
    • Geografia Indonezji.
    • x
    • Poddział wspólny
    • (036)
    • b
    • Dopowiedzenie
    • Przewodniki o charakterze praktycznym lub opisowym.
651 -Hasło przedmiotowe w formie nazwy geograficznej [ ,7]
    • a
    • Nazwa geograficzna
    • Indonezja
    • v
    • Określnik formalny
    • przewodniki.
    • 2
    • Źródło terminu
    • kaba
    • 9
    • KHW
    • 729938
980 -Symbol UKD [ , ]
    • a
    • UKD
    • 913(594)(036)
700 -Hasło dodatkowe - nazwa osobowa [1, ]
    • a
    • Nazwa osobowa (NP)
    • Rudnicki, Bogdan. Find
    • e
    • Określenie rodzaju współpracy
    • Oprac.
    • 9
    • KHW
    • 325
700 -Hasło dodatkowe - nazwa osobowa [1, ]
    • a
    • Nazwa osobowa (NP)
    • Zaborowska, Joanna. Find
    • e
    • Określenie rodzaju współpracy
    • Red.
    • 9
    • KHW
    • 49915
700 -Hasło dodatkowe - nazwa osobowa [1, ]
    • a
    • Nazwa osobowa (NP)
    • Belczyk, Arkadiusz. Find
    • e
    • Określenie rodzaju współpracy
    • Tł.
    • 9
    • KHW
    • 49914
700 -Hasło dodatkowe - nazwa osobowa [1, ]
    • a
    • Nazwa osobowa (NP)
    • Zarawska, Patrycja Find
    • d
    • Daty biograficzne (NP)
    • (1970- ).
    • e
    • Określenie rodzaju współpracy
    • Tł.
    • 9
    • KHW
    • 327
700 -Hasło dodatkowe - nazwa osobowa [1, ]
    • a
    • Nazwa osobowa (NP)
    • Szczęch, Alina. Find
    • e
    • Określenie rodzaju współpracy
    • Tł.
    • 9
    • KHW
    • 729926
700 -Hasło dodatkowe - nazwa osobowa [1, ]
    • a
    • Nazwa osobowa (NP)
    • Śmietana, Beata. Find
    • e
    • Określenie rodzaju współpracy
    • Tł.
    • 9
    • KHW
    • 648520
920 -ISBN [ , ]
    • a
    • ISBN
    • 978-83-60174-66-1 Find
Sygnatura Numer inwentarzowy Status udost. Data inwentaryzacji Lokalizacja
T.9683T.968312007-10-24T